书目信息 |
| 书名: | 广岛的诗人们 | |
| 作者: | 增周敏和著. | |
| 分册号: | ||
| 分册名: | 出版地: | 东京 : |
|
| 出版社: | 株式会社 | |
| 出版时间: | 1971. | |
| 页数: | 220 p. ; | |
| 开本: | 20cm. | |
| 丛书名: | ||
| 中图分类号: | ||
| 科图分类号: | ||
| 其他分类号: | I03 | |
| 主题词: | ||
| 电子资源: | ||
| 000 | 00422nam 2200169 a 4500 | |
| 001 | E0731627093 | |
| 005 | 20070729085358.21 | |
| 008 | 070729s1971 00010 eng | |
| 040 | @aPFT@bchi | |
| 041 | @achi@hjpn | |
| 090 | @aI03 | |
| 099 | @dI03@ex39 | |
| 245 | 1 | @a广岛的诗人们 / @c增周敏和著. |
| 260 | @a东京 :@b株式会社 :@b新日本出版社,@c1971. | |
| 300 | @a220 p. ;@c20cm. | |
| 650 | @a文艺工作者@x诗人 | |
| 700 | @a增周敏和著 | |
| 广岛的诗人们 / / 增周敏和著.-东京 : : 株式会社 : : 新日本出版社, , 1971. |
| 220 p. ; ; 20cm. |
| ISBN |
| ● |
| 相关链接 |
|
|
|
|
正题名:广岛的诗人们
索取号:I03/x39
 
预约/预借
| 序号 | 登录号 | 条形码 | 馆藏地/架位号 | 状态 | 备注 |
| 1 | 14561 | 300145616 | 第二样本阅览室/ [索取号:I03/x39] | 在馆 |